| 000 | 00631nam a2200253Ia 4500 | ||
|---|---|---|---|
| 008 | 190123s9999 xx 000 0 und d | ||
| 020 | _a9780516445410 | ||
| 050 | _bV458 1995 | ||
| 100 | _aVenezia, Mike | ||
| 245 | 0 | _aWolfgang Amadeus Mozart / | |
| 245 | 0 | _cby Mike Venezia. | |
| 260 | _aNew York, New York : | ||
| 260 | _bScholastic, | ||
| 260 | _c1995 | ||
| 300 | _a32 pages : | ||
| 300 | _bcolored illustrations ; | ||
| 300 | _c24cm. | ||
| 440 | _aGetting to know the world's greatest composers. | ||
| 500 | _a1040L | ||
| 650 | _aAustria. | ||
| 650 | _aComposers. | ||
| 700 | _aSeries. | ||
| 700 | _aTitle. | ||
| 999 |
_c361213 _d361213 |
||